Quizzes
Events
Quiz Creation
Community
Videos
Private Events
Remove Ads
Sign In
Join for FREE
Feedback
Dark Mode
Quiz Categories
Sports
Geography
Music
Movies
Television
Just For Fun
Miscellaneous
History
Literature
Language
Science
Gaming
Entertainment
Religion
Holiday
For Kids
Quiz Lab
Recent
Popular Today
Quiz Kudos Today
Editor Picks
Curator Picks
Quizzes by...
Day
Popularity
Type
Ratings
Length
Year
Community
Subscriptions
Recent Discussions
Orange Saloon
Badges
Playlists
Quests
Create
Leaderboards
Showdown
Live 5
Trivia Bingo
Activity
Puzzle Library
Sporcle Events
Private Events
Virtual Trivia
Globe League
Become a Host
Pub Owners
SporcleCon
Opinionation
Our Games
Videos
Blog
Mobile Apps
Partnerships
Remove Ads and Go Orange
Feedback
Movies
Disney
Marvel Cinematic Universe
Movie Resume
Movie Titles
Oscar
Actor
Actress
Director
Pixar
Role
Movie Quotes
Movie Characters
Box Office
Nominee
Best Picture
Star Wars
James Bond
Horror Movies
Movies
Disney
Marvel Cinematic Universe
Movie Resume
Movie Titles
Oscar
Actor
Actress
Director
Pixar
Role
Movie Quotes
Movie Characters
Box Office
Nominee
Best Picture
Star Wars
James Bond
Horror Movies
Random Quiz
Search Sporcle
×
Quiz Lab
Quiz Lab
Movies
Movie Quotes
Type in answers that appear in a list
Type in answers that appear in a list
Classic
Best Score? Go Orange.
Spongebob Squarepants Movie Quotes Stats
Can you name the Spongebob Squarepants Movie Quotes?
By
rufaaaas
10m
23 Questions
146 Plays
146 Plays
146 Plays
Comments
Comments
Give Quiz Kudos
Give Quiz Kudos
-
- Ratings
hide this ad
Replay
Link that replays current quiz
Next Quiz
Link to next quiz in quiz playlist
You Got
0%
They Got
Avg Score
36%
Avg Friend Score
Upgrade to see
Score Distribution
Jump to the score distribution portion of the page
Score
0/23
Timer
10:00
0
Plays Today
Beginning of Quote.
End of Quote.
% Correct
What will it be fellas?..
..Mustard or ketchup?
71.9%
It's not bald, it's..
..thinning!
61%
I'm ready..
..promotion!
60.3%
Bald! Bald! Bald!..
..My eyes!
58.9%
It's evil! It's diabolical!..
..It's lemon scented!
54.8%
Lloyd, take off your hat in respect..
..respect for the dead!
52.7%
But most of all I'm.. I'm..
..I'm a goofy goober!
52.7%
Hello? Where did everybody go? Did I miss something?..
..Did you see my butt?
45.2%
Too bad Spongebob's not here..
..to enjoy Spongebob not being here.
43.8%
We're on a baby hunt..
..and don't think we don't know how to weed them out.
41.8%
Cleanliness is..
..next to managerliness.
36.3%
Well I am one hundred per cent man!..
..and this man has got something to say to you!
35.6%
Beginning of Quote.
End of Quote.
% Correct
Don't worry, this will..
..only hurt a lot!
32.9%
No, I am not on my way over to the Grand Opening Ceremony..
..I'm busy planning to rule the world!
27.4%
Stupid contact. Oh, there it is..
..better go wash it off.
26.7%
Come on kiddies..
..have some ice cream!
26%
I thought you still had a piece of salad..
..stuck to your lip from lunchtime.
26%
I want everybody's attention!..
..I have to use the bathroom.
24.7%
Now that we're men, we have facial hair. Now that we're men..
..I've changed my underwear.
20.5%
And look for me at the ceremony..
..I got a little surprise for you!
13%
I made it to Shell City and I beat the Cyclops and..
..I brought the crown back!
11%
So enjoy today, Mr. Krabs! Because by tomorrow I'll have the formula, and..
..everyone will eat at the Chum Bucket, and I will rule the world!
6.2%
Daddy! where's your..
..love and compasion?
2.7%
Quiz Playlist
Details
Report
Send in Message
Add To Playlist
Classic:
Type in answers that appear in a list
Last Updated: Jul 17, 2017
Quiz Scoreboard
CHALLENGE
Sign Up to Join the Scoreboard
Show All
Scores
Hide
Comments
May contain spoilers
Recently Published
9x9 Crossword: Cartoon Network
by jackfrog10
Miscellaneous
3m
College Basketball Coaching Resumes
by pancakes188
Sports
9m
Billboard Blitz: Fleetwood Mac
by CooCooCachoo
Music
15s
More to Explore
Quiz From the Vault
Featured Blog Post
Where Did the Easter Bunny Come From?
hide this ad
You Might Also Like...
Tags
Movie Quotes Quiz
Quote Quiz
Begins With
end
SpongeBob
Today's Top Quizzes in Movies
Browse Movies
hide this ad
Today's Top Quizzes in Movie Quotes
Browse Movie Quotes
Top Contributed Quizzes in Movies
1
Pick 5 Posters: Directed by Spielberg
2
7-to-1: Pixar Characters
3
Pick 5 Posters: Lowest-Rated Spielberg
4
Sorting Actors
5
Sorting Actresses
6
Pick 5 Posters: Directed by Scorsese
7
Pick 5 Posters: Star & Director
8
Pick 5 Posters: Women Directed 2020s
9
12 Movies about Fictional 1960s Events
10
Multi-Oscar Nominations, One Movie, One Winner
Explore More
Trending Topics
NBA
Anime
Disney
Crossword
Marvel
Harry Potter
Kpop
NFL
The Office
Song
Puzzle
WWE
Country
Soccer
Pokémon
hide this ad
More By:
rufaaaas
Quiz
Plays
Rating
Category
Featured
Created
A Series of Unfortunate Events
447
4.00
Movies
Jan 17, 2015
Harry Potter Quotes
230
5.00
Movies
Jul 6, 2012
Spongebob Squarepants Movie Quotes
146
1.00
Movies
Aug 12, 2012
Movie Quotes
116
3.00
Movies
Feb 10, 2015
Movie Quotes
59
1.80
Movies
Jul 6, 2012
Go to Creator's Profile
Score Distribution
Quiz Creator Spotlight
rufaaaas
Follow
Send a Message
Quizzes Created
-
Created Quiz Play Count
-
More By This Creator
Popular Quizzes Today
1
Find the US States - No Outlines Minefield
2
Find the Countries of Europe - No Outlines Minefield
3
The Countries of the World
4
Find the US States
5
Risky Map Clicking: Biggest States A-Z
6
US States
7
Popular People in 1961
8
Movies - When Are They Set?
More Movies Quizzes
2010s Movies A-Z II
Published
Trending Quizzes
Risky Map Clicking: Least Populous States A-Z
1-10 Letter G Words
1-10 Letter F Words
Risky Map Clicking: Next State Alphabetically
Adjectives in 80s TV Shows
Recently Updated
Leaping Animals
pecheneg
Reality TV Shows (A-Z)
bhenderson79
Rickey Henderson's Hall of Fame Teammates
pecheneg
Champions League XIs: Arsenal
pecheneg
Quick Pick: Celebrities in WWE's Hall of Fame
aduchscher
A-Z Keypad Blitz II
pecheneg
Multiple Oscar Actors
pecheneg
Mystery Phrase Blitz: Oscar 'Best Actors'
pecheneg
F. Scott Fitzgerald Novels
LTH
Pick 3 Villains
ddd62291
Trending Topics
Disney
Marvel
Crossword
Kpop
Harry Potter
NBA
Anime
Song
Country
Soccer
Puzzle
Pokémon
The Office
WWE
NFL
Your Account Isn't Verified!
In order to create a playlist on Sporcle, you need to verify the email address you used during registration. Go to your
Sporcle Settings
to finish the process.
Report this User
Report this user for behavior that violates our
Community Guidelines
.
Details:
Send Report
Go to the Sporcle.com Mobile Site →
Comments